| 000 | 00987nam a22003017a 4500 | ||
|---|---|---|---|
| 001 | 5119 | ||
| 003 | FISKH | ||
| 005 | 20241107080822.0 | ||
| 008 | 241107b cb ||||| |||| 00| 0 eng d | ||
| 020 | _a9780439568579 | ||
| 040 |
_aFISKH _beng _cFISKH _dFISKH |
||
| 050 | _aPZ7.B5297 | ||
| 082 | _a167 | ||
| 100 |
_aW.Black, Sonia _d(1953-) |
||
| 245 |
_aMommy's bed / _cby Sonia W. Black Illustrated by Jennifer Kindert |
||
| 250 | _a2004 | ||
| 260 |
_aNew York : _bScholastic, _c2004. |
||
| 300 |
_a32 pages : _bColor illustrations ; _c23 cm |
||
| 505 | _aE | ||
| 520 | _aA boy relates all the things he and his sisters do in their mother's bed--such as read, tickle, and play--that make it the best place to be. Includes activity ideas for parents and children. | ||
| 521 | 8 |
_a250L
_bLexile |
|
| 521 | 8 |
_aE
_bRaz-Plus |
|
| 650 |
_2Family _aChildren |
||
| 650 |
_2Mothers _aParents |
||
| 700 |
_aKindert, Jennifer _dIllustrator |
||
| 942 |
_2ddc _cBK _n0 |
||
| 999 |
_c5119 _d5119 |
||